000 nam a22 7a 4500
999 _c9722
_d9722
008 180206b ||||| |||| 00| 0 eng d
100 _aDorling Kindersley
_95828
245 _aUltimate Visual Dictionary
260 _aLondon
_bDorling Kindersley
_c2005